[Event "III Copa Marcel Duchamp 2019"]
[Site "Montevideo"]
[Date "2019.02.15"]
[Round "8.17"]
[White "Fiora, Emilio"]
[Black "Dotta, Gian Franco"]
[Result "1-0"]
[WhiteElo "2190"]
[BlackElo "1896"]
[Annotator "TA"]
[PlyCount "57"]
[EventDate "2019.02.09"]
[EventType "swiss"]
[EventCountry "URU"]
[SourceTitle "playchess.com"]
[Source "ChessBase"]
[SourceQuality "1"]

{[%evp 14,57,48,26,52,9,21,11,14,11,14,16,10,6,0,-22,0,-19,-16,-24,127,126,137,144,195,182,283,280,315,305,339,289,458,467,447,239,504,510,542,515,554,560,633,626,622,635]} 1. Nf3 Nf6 2. d4 g6 3. Nc3 Bg7 4. e4 d6 5. Be3 O-O 6. h3 c6 7. Qd2 Re8 {B08: Pirc Defence: Classical System} (7... Nbd7 8. e5 dxe5 9. dxe5 Nd5 10. Nxd5 cxd5 11. Bh6 Nxe5 12. Nxe5 Bxe5 13. Bxf8 Kxf8 14. c3 Be6 15. Be2 Qb6 {1-0 (36) Saric,I (2669)-Mchedlishvili,M (2603) Riadh 2017}) 8. Bd3 {LiveBook: 4 Games} Qa5 9. Rb1 $146 ({Predecessor:} 9. O-O Nbd7 10. Bh6 Bh8 11. Ng5 Qb4 12. b3 e6 13. Bc4 d5 14. a3 Qb6 15. exd5 cxd5 {1-0 (47) Bukojemski,A (2206)-Szczesniak,K (2230) Miedzyzdroje 2009}) 9... Nbd7 {The position is equal.} 10. b4 Qc7 11. a4 e5 12. dxe5 Nxe5 13. Nxe5 dxe5 14. Bc4 Nh5 15. g3 Rd8 16. Qe2 Nf4 $2 {[#]} (16... a5 $11) 17. gxf4 $16 exf4 18. Bd2 Qe5 (18... a5 $16) 19. Nd1 f3 (19... b5 {was worth a try.}) 20. Qxf3 $18 Bf5 21. Bd3 Rd4 22. Bc3 Rad8 (22... Bxe4 {was necessary.} 23. Bxd4 Bxf3+ 24. Bxe5 Bxh1) 23. Bxd4 Rxd4 24. Rb3 (24. O-O $142 Be6 25. Ne3) 24... Bxe4 $2 {[#]} (24... Rxe4+ 25. Ne3 (25. Bxe4 Bxe4 26. Qg3 Qxg3 $16) 25... Rf4) 25. Bxe4 {White is clearly winning.} f5 26. O-O fxe4 27. Qg3 Qh5 28. Ne3 Bf8 29. Qg4 {Precision: White = 34%, Black = 12%.} 1-0

[Event "III Copa Marcel Duchamp 2019"]
[Site "Montevideo"]
[Date "2019.02.15"]
[Round "8.18"]
[White "Scarella, Enrique Alejandro"]
[Black "Vazquez, Facundo"]
[Result "1-0"]
[WhiteElo "2304"]
[BlackElo "2019"]
[Annotator "TA"]
[PlyCount "109"]
[EventDate "2019.02.09"]
[EventType "swiss"]
[EventCountry "URU"]
[SourceTitle "playchess.com"]
[Source "ChessBase"]
[SourceQuality "1"]

{[%evp 19,109,35,31,27,56,65,56,62,69,67,72,71,68,63,93,68,92,62,68,60,59,44,30,31,64,77,97,90,81,93,95,84,129,121,121,122,137,133,139,138,139,103,103,93,93,93,93,93,93,70,93,61,93,75,78,83,66,54,56,56,58,44,51,48,78,19,42,32,52,29,64,33,84,87,96,82,106,120,111,108,305,305,391,362,516,519,512,490,420,213,602,583]} 1. d4 Nf6 2. g3 g6 3. Bg2 Bg7 4. e4 d6 5. Nc3 Nbd7 6. Nge2 O-O 7. h3 e5 8. Be3 c6 9. a4 a5 10. O-O Re8 11. d5 {B07: Pirc Defence: Miscellaneous Systems} (11. Re1 Qc7 12. Qd2 Nb6 13. b3 d5 14. exd5 Nfxd5 15. Nxd5 Nxd5 16. Bh6 Bxh6 17. Qxh6 Nb4 18. Qd2 Bf5 19. Rac1 exd4 20. Nxd4 Rxe1+ 21. Qxe1 {½-½ (78) Khusnutdinov,R (2506)-Guseinov,G (2667) Kolkata 2009}) 11... cxd5 $146 ({Predecessor:} 11... c5 12. Nb5 Nb8 13. Nec3 Na6 14. Na3 b6 15. Nc4 Rb8 16. f4 Nh5 17. fxe5 dxe5 18. Qf3 f5 19. exf5 e4 20. Qf2 gxf5 21. Nxe4 Kh8 22. Ned6 Rf8 23. Nxc8 Rxc8 24. c3 {1-0 (24) Bates,R (2347)-Norton,C (2033) Hastings 2016}) 12. Nxd5 Nxd5 13. Qxd5 {White is slightly better.} Nf6 14. Qd2 Be6 15. Rfd1 Qc8 16. Kh2 Bf8 17. Nc3 Qc6 18. Bg5 Nd7 19. Bf1 Rec8 20. Rac1 Nb6 21. Bb5 Qc7 22. Qe2 Nc4 23. Nd5 $36 {[%mdl 2048] Keeping Black busy.} Bxd5 24. Rxd5 h6 25. Be3 Nb6 {[#]} 26. Rd3 $1 Nd7 27. b3 Nc5 28. Bxc5 Qxc5 29. Bc4 Be7 30. Rf3 Rf8 31. Rd1 Kg7 32. Kg2 Rac8 33. h4 h5 34. Rd2 Rcd8 35. Qd3 (35. Rd5 {keeps more tension.} Qc7 36. Rfd3 b6 37. Qe3 Bf6 38. Rd1) 35... Rb8 36. Qd5 Qxd5 37. Rxd5 b6 38. c3 f6 39. Rb5 Rfc8 40. Rd3 Rc5 41. Rd5 f5 42. Kf3 (42. Rdxc5 $16 dxc5 43. exf5) 42... Kf6 43. Ke3 Bf8 44. f3 Bh6+ 45. Kd3 Ke7 (45... Bf8 $14) 46. Rdxc5 $16 dxc5 {[%mdl 4096] Endgame KRB-KRB} 47. Bd5 Bc1 48. b4 cxb4 49. cxb4 axb4 $2 {[#]} (49... fxe4+ $16 {was necessary.} 50. fxe4 (50. Bxe4 Rd8+ 51. Kc2 Bd2 $16) 50... Rf8) 50. a5 $1 $18 {[%cal Ra5a6,Ba4a5,Ba5b6,Bb6b7][%mdl 32] aiming for a6.} ({Weaker is} 50. Rxb4 fxe4+ 51. fxe4 (51. Kxe4 Bd2 $14) 51... Ba3 $14) 50... Rc8 51. axb6 f4 (51... fxe4+ $142 52. Bxe4 Rd8+ 53. Kc4 Be3) 52. b7 Rb8 53. gxf4 Bxf4 54. Rc5 (54. Rb6 $142) 54... Kd7 $2 {[#]} (54... Kd8 55. Rc2 g5) 55. Rc8 $1 {[%mdl 512] Accuracy: White = 62%, Black = 33%.} 1-0

[Event "III Copa Marcel Duchamp 2019"]
[Site "Montevideo"]
[Date "2019.02.15"]
[Round "8.19"]
[White "Meza, Anahi"]
[Black "El Ters, Antouan"]
[Result "1-0"]
[WhiteElo "2058"]
[BlackElo "2205"]
[Annotator "TA"]
[PlyCount "99"]
[EventDate "2019.02.09"]
[EventType "swiss"]
[EventCountry "URU"]
[SourceTitle "playchess.com"]
[Source "ChessBase"]
[SourceQuality "1"]

{[%evp 16,99,39,12,37,24,29,0,-1,-3,0,-11,0,0,9,-2,56,35,63,62,70,66,78,58,73,11,16,6,10,0,23,-7,-7,-7,-7,-7,-7,-6,-5,-24,-18,-56,396,411,467,457,466,467,429,285,277,195,195,190,190,162,165,150,264,268,260,237,245,252,411,391,545,419,583,539,538,532,522,522,503,493,2083,5610,4614,2127,29972,29973,29975,29976,29975,29976]} 1. d4 Nf6 2. c4 e6 3. Nc3 d5 4. cxd5 exd5 5. Bg5 Be7 6. e3 Nbd7 7. Bd3 Nf8 8. Qc2 c6 9. Nge2 (9. Nf3 {is more complex.} g6 10. O-O Ne6 11. Bh4 O-O 12. Rfb1) 9... h6 {D36: Queen's Gambit Declined: Exchange Variation: Main line (5 Bg5 c6 6 Qc2)} (9... Ne6 {keeps more tension.} 10. Bh4 g6 11. O-O O-O 12. Rae1 Nh5) (9... Ne6 10. Bh4 g6 11. f3 O-O 12. O-O-O b6 13. g4 Bb7 14. Kb1 Rc8 15. Bxf6 Bxf6 16. h4 c5 17. h5 Qe7 18. f4 Rfe8 19. hxg6 fxg6 {1-0 (33) Wojtaszek,R (2738)-Yilmaz,M (2619) Batumi 2018}) 10. Bxf6 $146 ({Predecessor:} 10. Bh4 Ne6 11. f3 O-O 12. Bf2 c5 13. dxc5 Bxc5 14. Rd1 Kh8 15. O-O Bd7 16. Bf5 Rc8 17. Qb3 {1-0 (27) Plat,V (2496)-Federic,J (2306) Frydek Mistek 2016}) 10... Bxf6 11. O-O-O Ne6 {The position is equal.} 12. g4 Nc7 13. Rdg1 Bh4 14. Nf4 Be6 15. Nh5 g6 (15... O-O $11) 16. Ng7+ $14 Kd7 17. Kb1 Qf6 18. Nxe6 Qxe6 19. e4 Rae8 20. f4 (20. Qa4 $16) 20... dxe4 $1 $11 21. Nxe4 {[#] Strongly threatening Nc5+.} Kc8 $1 22. f5 Qd5 23. Nc3 Qxd4 24. fxg6 fxg6 25. Bxg6 Re3 26. Rd1 $36 {[%mdl 2048] White has the initiative.} Qe5 27. Ne4 {Nd6+ is the strong threat.} Nd5 28. Rhf1 Ne7 $2 {[%mdl 8192]} (28... Rd8 $15 {keeps the upper hand.}) 29. Nd6+ $18 Kb8 30. Nf7 Qg7 31. Nxh8 Qxh8 32. Qc5 Qe5 33. Qxe5+ Rxe5 34. Bd3 a5 35. Rd2 Re3 36. Bc4 b5 (36... Re4 $16) 37. Re2 Rh3 38. Bb3 a4 39. Bc2 a3 $2 (39... Kc7 40. Rf7 Kd6) 40. Rf7 axb2 41. Kxb2 Kc8 42. Rexe7 Bxe7 43. Rxe7 Rxh2 {[%mdl 4096] Endgame KRB-KR} 44. Rh7 Rh4 45. Bf5+ Kb8 (45... Kd8 $142 46. Rd7+ Ke8) 46. Kc3 c5 47. Kd3 Rh2 {[#]} 48. g5 $1 {White mates.} c4+ (48... hxg5 49. Rxh2) 49. Kc3 Rh5 50. g6 {Accuracy: White = 62%, Black = 39%.} 1-0

[Event "III Copa Marcel Duchamp 2019"]
[Site "Montevideo"]
[Date "2019.02.15"]
[Round "8.20"]
[White "Lagar, Valentin Alejo"]
[Black "Muzzi, Eduardo"]
[Result "1-0"]
[WhiteElo "2196"]
[BlackElo "1954"]
[Annotator "TA"]
[PlyCount "49"]
[EventDate "2019.02.09"]
[EventType "swiss"]
[EventCountry "URU"]
[SourceTitle "playchess.com"]
[Source "ChessBase"]
[SourceQuality "1"]

{[%evp 26,49,60,67,84,-10,-11,-14,74,84,196,195,195,196,189,198,192,197,214,206,236,236,335,353,651,641]} 1. e4 e6 2. d4 d5 3. Nd2 Nf6 4. e5 Nfd7 5. c3 c5 6. Bd3 Nc6 7. Ne2 cxd4 8. cxd4 f6 9. exf6 Nxf6 10. Nf3 Bd6 11. O-O O-O 12. Bf4 Bxf4 13. Nxf4 Qd6 14. g3 Ne4 {C06: French Tarrasch: 3...Nf6 4 e5 Nfd7 5 Bd3 main lines} (14... Qb4 15. Rb1 Kh8 16. a3 Qb6 17. Ng5 e5 18. Nxh7 Nxh7 19. Qh5 e4 20. Ng6+ Kg8 21. Qxd5+ Rf7 22. Bc4 {1-0 (30) Navara,D (2727)-Piesik,P (2353) Poland 2018}) 15. Bxe4 (15. Re1 $16) 15... dxe4 $11 16. Ng5 Rxf4 $146 (16... Nxd4 $11 {keeps the balance.} 17. Ne2 (17. Nxe4 Qb6 $15) 17... e5 18. Nxd4 exd4 19. Qb3+ (19. Nxe4 Qd5 $11) 19... Kh8 20. Nxe4 Qe7) ({Predecessor:} 16... h6 17. Nxe4 Qxd4 18. Qxd4 Nxd4 19. Ng6 Rf7 20. Rad1 Nc6 21. f4 b6 22. Rd6 {1-0 (83) Ozsakallioglu,O (1897)-Aydin,K (1910) Konya 2018}) 17. gxf4 $16 {aiming for Qh5.} Qxf4 (17... h6 $16 {was called for.}) 18. Qh5 $18 h6 19. Qe8+ $40 {[%mdl 192] [#] Double Attack. White wants a kill.} Qf8 20. Qxf8+ Kxf8 21. Nxe4 Nxd4 22. f4 b6 23. Rad1 Nf5 (23... Nb5 $142 24. Rd8+ Ke7) 24. Rd8+ Kf7 $2 {[#]} (24... Ke7) 25. Rc1 1-0

[Event "III Copa Marcel Duchamp 2019"]
[Site "Montevideo"]
[Date "2019.02.15"]
[Round "8.20"]
[White "Lagar, Valentin Alejo"]
[Black "Muzzi, Eduardo"]
[Result "1/2-1/2"]
[WhiteElo "2196"]
[BlackElo "1954"]
[Annotator "NA RC"]
[PlyCount "53"]
[EventDate "2019.02.09"]
[EventType "swiss"]
[EventCountry "URU"]
[SourceTitle "playchess.com"]
[Source "ChessBase"]
[SourceQuality "1"]
[TimeControl "5400+30"]

1. e4 e6 2. d4 d5 3. Nd2 Nf6 4. e5 Nfd7 5. c3 c5 6. Bd3 Nc6 7. Ne2 cxd4 8. cxd4 f6 9. exf6 Nxf6 10. Nf4 Nd7 11. Ne2 Nf6 12. Nf3 Bd6 13. O-O O-O 14. Bf4 Bxf4 15. Nxf4 Qd6 16. g3 Ne4 {LiveBook: 4 Games C06: French Tarrasch: 3...Nf6 4 e5 Nfd7 5 Bd3 main lines} (16... Qb4 17. Rb1 Kh8 18. a3 Qb6 19. Ng5 e5 20. Nxh7 Nxh7 21. Qh5 e4 22. Ng6+ Kg8 23. Qxd5+ Rf7 24. Bc4 {1-0 (30) Navara,D (2727)-Piesik,P (2353) Poland 2018}) 17. Bxe4 dxe4 18. Ng5 Rxf4 $146 ({Predecessor:} 18... h6 19. Nxe4 Qxd4 20. Qxd4 Nxd4 21. Ng6 Rf7 22. Rad1 Nc6 23. f4 b6 24. Rd6 {1-0 (83) Ozsakallioglu,O (1897)-Aydin,K (1910) Konya 2018}) 19. gxf4 Qxf4 20. Qh5 h6 21. Qe8+ Qf8 22. Qxf8+ Kxf8 23. Nxe4 Nxd4 {[#]} 24. f4 $1 b6 25. Rad1 Nf5 (25... Nb5 $142 26. Rd8+ Ke7) 26. Rd8+ Kf7 $2 (26... Ke7) 27. Rc1 $18 1/2-1/2

[Event "III Copa Marcel Duchamp 2019"]
[Site "Montevideo"]
[Date "2019.02.15"]
[Round "8.21"]
[White "Siddeley, Hugh"]
[Black "Benoit, Rodrigo"]
[Result "0-1"]
[WhiteElo "1968"]
[BlackElo "2189"]
[Annotator "NA RC"]
[PlyCount "92"]
[EventDate "2019.02.09"]
[EventType "swiss"]
[EventCountry "URU"]
[SourceTitle "playchess.com"]
[Source "ChessBase"]
[SourceQuality "1"]
[TimeControl "5400+30"]

1. d4 f5 2. g3 g6 3. Bg2 Bg7 4. Nh3 Nf6 5. O-O O-O 6. c4 e6 {A86: Dutch Defence: Leningrad System: Unusual lines and 5 Nh3} 7. d5 (7. Nc3 d6 8. Nf4 c6 9. Nd3 Nbd7 10. b3 e5 11. dxe5 dxe5 12. e4 fxe4 13. Nxe4 Nxe4 14. Bxe4 Nf6 15. Bg5 Qd4 16. Bxf6 Rxf6 {½-½ (33) Lenic,L (2625)-L'Ami,E (2623) Reykjavik 2015}) 7... Qe7 8. Nc3 e5 9. Qc2 $146 ({Predecessor:} 9. d6 Qxd6 10. Qxd6 cxd6 11. Nb5 Nc6 12. Rd1 e4 13. Nxd6 Ne8 14. Nxc8 Rxc8 15. Rxd7 {½-½ (35) Mason,I-Bogdanov,R ICCF email 1997}) 9... h6 10. Rb1 d6 11. f3 c6 12. Nf2 c5 13. b4 cxb4 14. Rxb4 Na6 15. Rb5 Nc5 16. Ba3 b6 17. Bxc5 bxc5 18. e4 h5 19. Re1 h4 ({Don't play} 19... Ba6 $6 20. Rbb1 $11) 20. Bh3 Nh5 21. Nh1 (21. g4 $11 Nf4 22. gxf5) 21... Bh6 22. Rb2 Kh8 23. Bf1 Rf7 24. Bd3 Qf8 25. Qe2 $17 Bd7 26. exf5 gxf5 27. f4 Nf6 28. fxe5 dxe5 29. Qf1 e4 30. Bb1 Ng4 31. Rbe2 Ne5 32. Rf2 e3 33. Rf4 Bxf4 34. Qxf4 Ng6 35. Qg5 Qg7 36. Rxe3 Qf6 37. gxh4 Nxh4 38. Qf4 Rg7+ 39. Ng3 Rg4 40. Qf2 Rb8 41. Qc2 Qd4 42. Kf2 Qf4+ 43. Ke2 Qxc4+ 44. Kf2 Rf4+ 45. Kg1 Qd4 46. Nd1 Ba4 0-1

[Event "III Copa Marcel Duchamp 2019"]
[Site "Montevideo"]
[Date "2019.02.15"]
[Round "8.22"]
[White "Escofet, Jaime"]
[Black "Hurtado Bahamonde, Rodrigo"]
[Result "1/2-1/2"]
[WhiteElo "1957"]
[BlackElo "2172"]
[Annotator "TA"]
[PlyCount "178"]
[EventDate "2019.02.09"]
[EventType "swiss"]
[EventCountry "URU"]
[SourceTitle "playchess.com"]
[Source "ChessBase"]
[SourceQuality "1"]

{[%evp 21,178,-30,-45,-53,-55,-47,-27,-18,-6,-12,-2,0,43,-15,-3,-3,-4,-20,-17,-15,0,-31,-16,-27,0,0,8,7,23,16,9,4,0,0,33,0,0,-20,0,-7,-9,-43,-30,-32,-30,-34,-30,-28,-28,-41,-50,-50,-50,-39,-40,-50,-43,-50,-12,-27,-20,-50,-50,-123,-50,-50,-50,-149,-25,-27,0,-127,-50,-50,-50,-80,-58,-58,-58,-339,-58,-58,0,-330,-59,-59,-59,-59,-27,-27,-27,-27,-27,-27,0,-27,-10,-27,11,-27,0,-27,-25,-25,-25,-25,-25,-25,-25,-25,-25,-25,0,0,0,0,0,0,0,0,0,0,0,0,0,0,0,0,0,0,0,0,0,0,0,0,0,0,0,-60,0,0,0,-14,0,0,0,0,0,0,0,0,0,0,0,0,0,0,0]} 1. d4 d5 2. Nf3 Nf6 3. Bf4 e6 4. e3 Bd6 5. Bg3 O-O 6. Bd3 c5 7. c3 Nc6 {[%cal Bb8c6,Bc6e7,Be7f5][%mdl 32]} 8. Nbd2 b6 9. O-O {D02: 1 d4 d5 2 Nf3 sidelines, including 2...Nf6 3 g3 and 2...Nf6 3 Bf4} (9. Qe2 Bb7 10. Rd1 Re8 11. e4 Be7 12. e5 Nh5 13. h4 cxd4 14. Nxd4 Nxg3 15. fxg3 Bc5 16. N2f3 f5 {½-½ (45) Esipenko,A (2593)-Karjakin,S (2753) St Petersburg 2018}) 9... Bb7 10. Ne5 Ne7 11. f4 Ne4 {LiveBook: 4 Games} 12. Nxe4 dxe4 13. Be2 Nf5 14. Bf2 f6 $146 ({Predecessor:} 14... cxd4 15. cxd4 Rc8 16. Rc1 f6 17. Rxc8 Qxc8 {½-½ (59) Sorcinelli,A (2106)-Husemann,A (1927) LSS email 2012}) 15. Nc4 Be7 16. g4 Nd6 17. a4 (17. dxc5 $14 bxc5 18. Qa4) 17... Nxc4 18. Bxc4 Bd5 19. Be2 Qc7 20. Bg3 Bd6 21. Kg2 Rad8 22. Rc1 cxd4 23. cxd4 Qb8 24. Bc4 Bxc4 25. Rxc4 b5 26. axb5 Qxb5 27. Qc2 Rb8 28. Rf2 (28. Rc6 $14 Qxb2 29. Rf2 Qxc2 30. Rfxc2) 28... f5 $11 29. Rc6 Qd5 30. gxf5 exf5 31. Qc4 Qxc4 32. Rxc4 Rb3 33. Rc6 Bb4 34. Re2 a5 35. Kf1 Rb8 36. Rcc2 Rb7 37. Be1 Bxe1 38. Kxe1 $15 {[%mdl 4096] Endgame KRR-KRR} g6 39. Kf2 Kf7 40. Kg3 Ke7 41. Kf2 Kd6 42. Red2 (42. h4 $15) 42... R7b6 (42... g5 $1 $17 {[%cal Rg5f4] aiming for ...gxf4.} 43. fxg5 f4 $1 {[%mdl 512]}) 43. Ke2 a4 44. Kf2 {[#]} (44. h4 $1 $15) 44... Ra6 ({Black should try} 44... g5 $1 $17 {[%cal Rg5f4][%mdl 512]} 45. fxg5 f4 $1 {[%mdl 512]}) 45. Re2 Rab6 (45... Rb4 $11) 46. Red2 $17 {[#]} R6b5 (46... g5 $1 $17 {[%cal Rg5f4][%mdl 512]} 47. fxg5 f4 $1 {[%mdl 512]}) 47. Re2 $15 Kd5 48. Red2 Ke6 49. Re2 Kd6 50. Red2 $2 {[%mdl 8192] [#]} ({White should play} 50. h4 $15) 50... Rd3 $2 (50... g5 $1 $19 {[%cal Rg5f4][%mdl 512]} 51. Re2 (51. fxg5 f4) 51... gxf4 52. exf4 Kd5) 51. Re2 Rdb3 $2 {[%mdl 8192]} (51... Rb4 $15) 52. Red2 $1 $19 {[#]} Kd5 $2 (52... g5 $1 $19 {[%cal Rg5f4][%mdl 512]} 53. Ke2 (53. fxg5 f4) 53... gxf4 54. exf4 e3) 53. Re2 $15 R3b4 54. Red2 h6 55. h4 $1 Kd6 56. Kg3 Rb3 57. Re2 Rb8 58. Kf2 (58. h5 $5) 58... R3b4 59. Kg3 R8b5 60. Kf2 Kd5 61. Red2 Rc4 62. Ke2 Rb8 63. Kd1 Rxc2 64. Rxc2 $11 {KR-KR} Rb3 65. Ke2 Kd6 66. Kf2 a3 67. bxa3 Rxa3 68. Rb2 Ra6 69. Rc2 h5 70. Rb2 Kd5 71. Rc2 Ra5 72. Kg2 Ra3 73. Kf2 Ra1 74. Rc5+ Kd6 75. Rb5 Ra2+ 76. Kf1 Rh2 77. Rb6+ Kd5 78. Rxg6 Kc4 79. Ra6 Rxh4 80. Kg2 (80. Ra4+ $11 Kb5 81. Ra7) 80... Rg4+ (80... Kd3 $1 $15 81. Kg3 Rh1) 81. Kf2 {The position is equal.} h4 82. Rh6 Kd5 83. Rf6 h3 84. Rxf5+ Kc4 85. Rh5 Rg2+ 86. Kf1 Rg3 {White must now prevent ...Kd3.} 87. Kf2 Rg2+ 88. Kf1 Rg3 {And now ...Kd3 would win.} 89. Kf2 Rg2+ {Precision: White = 53%, Black = 37%.} 1/2-1/2

[Event "III Copa Marcel Duchamp 2019"]
[Site "Montevideo"]
[Date "2019.02.15"]
[Round "8.23"]
[White "Trois, Francisco R.T."]
[Black "Barandiaran, Gabriel"]
[Result "1-0"]
[WhiteElo "2152"]
[BlackElo "1836"]
[Annotator "TA"]
[PlyCount "94"]
[EventDate "2019.02.09"]
[EventType "swiss"]
[EventCountry "URU"]
[SourceTitle "playchess.com"]
[Source "ChessBase"]
[SourceQuality "1"]

{[%evp 16,94,7,24,43,34,35,44,36,32,81,14,93,86,105,97,111,96,110,111,125,112,108,94,106,100,110,94,105,99,86,70,64,53,65,54,74,43,52,10,90,35,246,247,218,238,237,243,227,241,291,297,276,239,360,352,321,318,593,587,556,557,1657,920,685,184,585,576,5156,710,694,694,663,655,585,577,724,704,685,645,568]} 1. Nf3 Nf6 2. c4 d6 3. d4 g6 4. Nc3 Bg7 5. g3 O-O 6. Bg2 Nbd7 7. O-O e5 8. Qc2 exd4 9. Nxd4 Qe7 {E67: King's Indian: Fianchetto: 6...Nbd7} 10. Rd1 Nc5 (10... Re8 11. Bg5 c6 12. Qd2 Qf8 13. Nc2 Nb6 14. Ne3 Ng4 15. b3 Nxe3 16. Bxe3 Bf5 {½-½ (41) Koneru,H (2541)-Sethuraman,S (2665) Caleta 2019}) 11. Bg5 c6 $146 {White is slightly better.} ({Predecessor:} 11... h6 12. Nd5 Qd8 13. Nxf6+ Bxf6 14. Bxh6 Re8 15. Bd5 Ne6 16. Be3 c6 {0-1 (62) Ribeiro,R (2000)-Debowska,T (1708) Tromsoe 2014}) 12. Qd2 Rd8 13. b3 (13. Bxc6 $16 bxc6 14. Nxc6 {[%mdl 64] Double Attack}) 13... Ne6 (13... Qf8 $11 {keeps the balance.}) 14. Nxe6 $16 Qxe6 15. h3 Bf8 16. e4 {e5! is the strong threat.} Be7 17. f4 Ne8 18. Bxe7 Qxe7 19. Re1 f6 20. Rad1 Be6 21. Kh2 Qc7 22. Ne2 {[%cal Bc3e2,Be2d4,Bd4f5][%mdl 32]} Bf7 23. g4 a6 24. Rc1 Qe7 25. Nd4 Ng7 26. Qf2 Ne6 27. h4 h6 (27... Nxd4 $11 {remains equal.} 28. Qxd4 b5) 28. Rcd1 (28. Nf5 $16 Qf8 29. Ng3) 28... Kg7 $2 {[#]} (28... Nxd4 $14 29. Rxd4 (29. Qxd4 b5 $11) 29... b5) 29. Nf5+ $1 $18 {[%mdl 512]} gxf5 30. exf5 {[%mdl 64] Discovered Attack} Qd7 31. fxe6 Bxe6 32. f5 Bf7 33. Qf4 d5 34. cxd5 cxd5 (34... Bxd5 {was necessary.} 35. Re6 Re8) 35. g5 {And now gxf6+ would win.} hxg5 36. hxg5 Rh8+ $2 (36... Qd6 37. Qxd6 Rxd6) 37. Kg1 {White wants to mate with gxf6+.} Qd8 38. g6 Bg8 39. Qb4 {Threatening mate with Re7+.} Rh5 40. Qxb7+ $2 (40. Re7+ Kh8 41. Rxb7) 40... Kh8 $2 (40... Kh6 {is more resistant.}) 41. Rxd5 {White is clearly winning.} Bxd5 42. g7+ (42. Bxd5 $142 Rg5+ 43. Kf2 Rxf5+ 44. Ke3 Qe8+ 45. Kd2 Qxg6 46. Qxa8+ Kh7 47. Be4 {[%mdl 64] Skewer} Qg5+ 48. Kc2) 42... Kh7 {[#]} 43. g8=Q+ $1 {[%mdl 512]} Kxg8 44. Bxd5+ Kh8 45. Qxa8 Rg5+ 46. Kh2 Qxa8 47. Bxa8 Rxf5 {Accuracy: White = 45%, Black = 37%.} 1-0

[Event "III Copa Marcel Duchamp 2019"]
[Site "Montevideo"]
[Date "2019.02.15"]
[Round "8.24"]
[White "Rodriguez Farias, Eduardo"]
[Black "Granara Barreto, Sebastian"]
[Result "1/2-1/2"]
[WhiteElo "1935"]
[BlackElo "2134"]
[Annotator "TA"]
[PlyCount "96"]
[EventDate "2019.02.09"]
[EventType "swiss"]
[EventCountry "URU"]
[SourceTitle "playchess.com"]
[Source "ChessBase"]
[SourceQuality "1"]

{[%evp 10,96,59,50,81,79,83,67,87,61,67,39,70,42,41,0,-1,-15,-18,-80,-74,-142,-109,-178,-172,-168,-182,-168,-128,-126,-95,-91,-94,-111,189,204,198,195,200,178,193,184,287,227,235,230,435,257,244,253,254,248,243,0,0,0,0,0,0,-45,-47,-48,-48,-97,-13,-13,-13,-13,-12,-27,-12,-14,-12,-12,0,-7,-7,-7,0,-12,0,-12,0,-8,0,0,0,0,-1]} 1. e4 c6 2. d4 g6 3. Be3 Bg7 4. Nc3 d5 5. e5 Nh6 6. Qd2 Nf5 {B15: Caro-Kann: 3 Nc3: 3...g6 and 3...dxe4 4 Nxe4 Nf6 5 Nxf6+ exf6} 7. Bf4 h5 8. Nf3 (8. h4 b6 9. Nf3 Ba6 10. Bxa6 Nxa6 11. e6 fxe6 12. Ne5 Bxe5 13. Bxe5 Rg8 14. g4 hxg4 {0-1 (29) Gonzalez de la Torre,S (2459)-Svetushkin,D (2543) Monzon 2016}) 8... a5 {White is slightly better.} 9. Na4 $146 ({Predecessor:} 9. O-O-O Na6 10. Ng5 Nc7 11. Be2 Ne6 12. Nxe6 Bxe6 13. h3 h4 14. g4 hxg3 15. fxg3 {1-0 (52) Boehning,K (2141)-Peters,F (2133) Bremen 2016}) 9... b6 {[%cal Bb7b6,Bb6b5,Bb5b4][%mdl 32]} 10. b3 Na6 11. Be2 b5 12. Nb2 Nc7 13. Nd3 Ne6 14. Qc3 (14. Be3 $11 {keeps the balance.}) 14... Qb6 $36 {[%mdl 2048] Keeping White busy.} 15. Rd1 (15. Be3 $142) 15... b4 16. Qb2 (16. Qd2 $17 {keeps fighting.}) 16... Nfxd4 $19 17. Be3 {[%cal Rf3d4]} Nxf3+ 18. Bxf3 d4 19. Bd2 Bb7 20. O-O O-O 21. a3 {[%cal Ra3b4]} Nc5 $2 {[%mdl 8192]} (21... Ba6 $17 {keeps the pressure on.} 22. Be4 Bxd3 23. Bxd3 Bxe5 24. axb4 axb4) 22. Qxd4 $18 {[%mdl 64] [#] Double Attack} Na4 23. Qxb6 Nxb6 24. axb4 axb4 25. Bxb4 Ra2 (25... Nd5 $142 26. Bd2 Ra2) 26. Bxe7 Re8 27. Nb4 Rb2 $2 (27... Raa8) 28. Rd8 (28. Bc5 $142 Bf8 29. Bd4 (29. Bxb6 Bxb4 30. Be4 Ra2 $18) (29. Bxc6 Bxc6 30. Bxf8 Kxf8 $16)) 28... Rxd8 29. Bxd8 Nd5 {[#]} 30. Bxd5 $1 cxd5 31. f4 $2 ({White should play} 31. Bf6 $18) 31... Bf8 $11 {...Bc5+ is the strong threat.} 32. Nd3 Rxc2 {Hoping for ...Rd2.} 33. Rc1 Bc5+ 34. Kh1 (34. Kf1 $5 {[%cal Rc1c2]} Rxc1+ 35. Nxc1 $11) 34... Rxc1+ 35. Nxc1 $15 {[%mdl 4096] Endgame KBB-KBN} Ba6 36. b4 Bxb4 (36... Be3 $17 37. Nb3 Bc4) 37. Nb3 $1 $11 Bc4 38. Ba5 $1 Ba3 39. Nd2 Bb2 40. g3 {The position is equal.} Be2 41. Kg2 Bd4 42. Nf3 Bc5 43. Bc3 Kf8 44. Nd4 Bd1 45. Kf2 Ke7 46. h3 Kd7 47. Ke1 Bxd4 48. Bxd4 Bc2 {Accuracy: White = 31%, Black = 48%.} 1/2-1/2